Statystyki dla QUIZ CO JEST WIĘKSZE?

Kliknij tutaj aby rozwiązać quiz!

Ogólne statystyki

  • Ten quiz został rozwiązany 39 razy
  • Średni wynik to 10 z 20

Statystyki odpowiedzi

ZagadnienieOdpowiedź% Poprawnych
CO JEST WIĘKSZE CHORWACJA CZY SŁOWACJACHORWACJA
68%
CO JEST WIĘKSZE POLSKA CZY FILIPINYPOLSKA
62%
CO JEST WIĘKSZE KAZACHSTAN CZY INDIEINDIE
59%
CO JEST WIĘKSZE NIEMCY CZY NORWEGIANIEMCY
59%
CO JEST WIĘKSZE WENEZUELA CZY MAURETANIAMAURETANIA
57%
CO JEST WIĘKSZE WIELKA BRYTANIA CZY WŁOCHYWŁOCHY
57%
CO JEST WIĘKSZE BUŁGARIA CZY GRECJAGRECJA
54%
CO JEST WIĘKSZE MONGOLIA CZY INDONEZJAINDONEZJA
54%
CO JEST WIĘKSZE ISLANDIA CZY IRLANDIAISLANDIA
54%
CO JEST WIĘKSZE CZAD CZY NIGERCZAD
49%
CO JEST WIEKSZE BOTSWANA CZY KENIABOTSWANA
46%
CO JEST WIĘKSZE USA CZY CHINYCHINY
46%
CO JEST WIĘKSZE NORWEGIA CZY FINLANDIAFINLANDIA
46%
CO JEST WIĘKSZE AUSTRIA CZY AZERBEJDŻANAZERBEJDŻAN
43%
CO JEST WIĘKSZE CHILE CZY BOLIWIABOLIWIA
43%
CO JEST WIĘKSZE GAMBIA CZY KATARKATAR
38%
CO JEST WIĘKSZE SESZELE CZY MALEDIWYSESZELE
35%
CO JEST WIĘKSZE GWINEA CZY GHANAGWINEA
32%
CO JEST WIĘKSZE KOSTARYKA CZY SZWAJCARIAKOSTARYKA
30%
CO JEST WIĘKSZE DANIA CZY BHUTANBHUTAN
27%

Rozkład punktacji

Percentyl według liczby udzielonych odpowiedzi

Procent ludzi z każdym wynikiem

Twoja historia wyników

Nie rozwiązałeś tego quizu